| 000 | 01110cam a2200241 4500 | ||
|---|---|---|---|
| 001 | WB3706-26 | ||
| 008 | 000000n2001 000 0 eng u | ||
| 035 | _a(Sirsi) u110847 | ||
| 245 | _aTougher floods guidance | ||
| 260 | _c2001 | ||
| 490 |
_aDETR Press Release _v(057) 6 February 2001, (3) |
||
| 520 | _aGovernment publishes a revised draft of PPG25, "Development and flood risk", for consultation. The original draft from April 2000 is updated in response to consultation responses and further flooding. The new draft has a stronger risk-based focus with the introduction of a sequential test for authorities and developers. The consultation document is available at: http://www.planning.detr.gov.uk/ppg/index.htm and will be open for the next four weeks with final publication likely in the Spring. | ||
| 590 | _aWB | ||
| 650 | _aPPG25 | ||
| 650 | _aPLANNING POLICY | ||
| 650 | _aFLOOD RISK | ||
| 650 | _aRISK ASSESSMENT | ||
| 650 | _aFLOOD PLAINS | ||
| 650 | _aFLOODING | ||
| 650 | _aDEVELOPERS | ||
| 690 | _aENVIRONMENTAL AND LAND CONSULTANCY-PLANNING AND DEVELOPMENT | ||
| 942 | _n0 | ||
| 999 |
_c66082 _d66082 |
||